La revisión de lo escrito como una experiencia de lectura / (Registro nro. 32584)
[ vista simple ]
| 000 -CABECERA | |
|---|---|
| campo fijo de control de longitud | 01253nab a2200241 4500 |
| 003 - IDENTIFICADOR DEL NÚMERO DE CONTROL | |
| campo de control | AR-RoBPED |
| 005 - FECHA Y HORADE LA ULTIMA TRANSACCION | |
| campo de control | 20260421103443.0 |
| 008 - ELEMENTOS DE LONGITUD FIJA--INFORMACION GENERAL | |
| campo fijo de control de longitud | 260421b |||||||| |||| 00| 0 spa d |
| 040 ## - FUENTE CATALOGADORA | |
| Centro catalogador/agencia de origen | AR-RoBPED |
| 041 ## - IDIOMA | |
| Código de idioma para texto/pista de sonido o título independiente | spa |
| 100 1# - ENCABEZAMIENTO PRINCIPAL--AUTOR PERSONAL | |
| Nombre de persona | Torresin, Romina |
| 9 (RLIN) | 30773 |
| Función | Profesora en Letras |
| 245 13 - TITULO | |
| Título | La revisión de lo escrito como una experiencia de lectura / |
| 260 ## - PUBLICACION | |
| Lugar | Buenos Aires : |
| Editor | Noveduc, |
| Fecha | 2024 |
| 300 ## - DESCRIPCION FISICA | |
| Extensión | 18-20 p. |
| 500 ## - NOTA GENERAL | |
| Nota general | Desde su experiencia como formadora de formadores, la autora propone analizar los dispositivos que los docentes ponen en juego para lograr aprendizajes a partir de experiencias de lectura y escritura, prestando especial atención a qué tipo de correcciones y observaciones deberían realizarse en los textos elaborados por los estudiantes para movilizar en ellos diferentes estrategias de lectura que deriven en una revisión disciplinares y comunicativos. |
| 650 #7 - TERMINO DE MATERIA--CONTROLADO | |
| Término controlado | LECTURA |
| 9 (RLIN) | 160 |
| Término controlado | APRENDIZAJE |
| 9 (RLIN) | 560 |
| Término controlado | EXPERIENCIAS EDUCACIONALES |
| 9 (RLIN) | 18339 |
| Término controlado | LECTOESCRITURA |
| 9 (RLIN) | 825 |
| 773 0# - DOCUMENTO FUENTE | |
| Host Biblionumber | 20414 |
| Host Itemnumber | 41862 |
| Place, publisher, and date of publication | Buenos Aires : Noveduc, 1993- |
| Título | Novedades Educativas |
| Record control number | (AR-RoBPED)20414 |
| International Standard Serial Number | 03283534 |
| 942 ## - ELEMENTOS KOHA | |
| Fuente de clasificación | Universal Decimal Classification |
| Koha tipo de ítem | Revistas |
| Clasificación | 37(05) |
| Signatura librística | Nov 86 N° 399 (Nov.2024) |
| Número Koha | k.32584 |
| 945 ## - PROCESAMIENTO DE LA INFORMACIÓN LOCAL | |
| Catalogador y fecha | mar 04/2026 |
No hay ítems disponibles.